The law of torts : (Record no. 7121)
[ view plain ]
| 000 -LEADER | |
|---|---|
| fixed length control field | 00700nam a22002177a 4500 |
| 003 - CONTROL NUMBER IDENTIFIER | |
| control field | BUBTL |
| 008 - FIXED-LENGTH DATA ELEMENTS--GENERAL INFORMATION | |
| fixed length control field | 231029b ||||| |||| 00| 0 eng d |
| 041 ## - LANGUAGE CODE | |
| Language code of text/sound track or separate title | eng |
| 082 ## - DEWEY DECIMAL CLASSIFICATION NUMBER | |
| Classification number | 346.03/ B2245l/ 2002 |
| 100 ## - MAIN ENTRY--PERSONAL NAME | |
| 9 (RLIN) | 5552 |
| Personal name | Bangia, R.K. |
| 245 ## - TITLE STATEMENT | |
| Title | The law of torts : |
| Remainder of title | including motor vehicles act and consumer protection laws / |
| Statement of responsibility, etc. | R.K. Bangia |
| 250 ## - EDITION STATEMENT | |
| Edition statement | 15th ed. |
| 260 ## - PUBLICATION, DISTRIBUTION, ETC. (IMPRINT) | |
| Place of publication, distribution, etc. | India : |
| Name of publisher, distributor, etc. | Allahabad Law Agency, |
| Date of publication, distribution, etc. | c2002 |
| 300 ## - PHYSICAL DESCRIPTION | |
| Extent | xlii, 653 p. : |
| Dimensions | 21.5 cm. |
| 500 ## - GENERAL NOTE | |
| General note | The law of torts, motor vehicles act, consumer protection laws, Law, R.K. Bangia |
| 526 ## - STUDY PROGRAM INFORMATION NOTE | |
| Program name | Law |
| 650 #0 - SUBJECT ADDED ENTRY--TOPICAL TERM | |
| 9 (RLIN) | 26 |
| Topical term or geographic name as entry element | Law |
| 856 ## - ELECTRONIC LOCATION AND ACCESS | |
| Password | 0 |
| Logon | 0 |
| Link text | Download |
| 942 ## - ADDED ENTRY ELEMENTS (KOHA) | |
| Source of classification or shelving scheme | |
| Koha item type | Books |
| Withdrawn status | Lost status | Source of classification or shelving scheme | Damaged status | Not for loan | Collection code | Permanent location | Current location | Shelving location | Date acquired | Source of acquisition | Inventory number | Total Checkouts | Full call number | Barcode | Date last seen | Date last checked out | Copy number | Price effective from | Koha item type | Checked out |
|---|---|---|---|---|---|---|---|---|---|---|---|---|---|---|---|---|---|---|---|---|
| Non-fiction | Bangladesh University of Business and Technology Library | Bangladesh University of Business and Technology Library | Law Stacks | 10/19/2023 | Purchase | 29733 | 4 | 346.03/ B2245l/ 2002 | BUBTL-200329733 | 07/15/2024 | 07/07/2024 | C-1 | 10/29/2023 | Books | ||||||
| Non-fiction | Bangladesh University of Business and Technology Library | Bangladesh University of Business and Technology Library | Law Stacks | 10/19/2023 | Purchase | 29734 | 3 | 346.03/ B2245l/ 2002 | BUBTL-200329734 | 08/20/2024 | 07/14/2024 | C-2 | 10/29/2023 | Books | ||||||
| Non-fiction | Bangladesh University of Business and Technology Library | Bangladesh University of Business and Technology Library | Law Stacks | 10/19/2023 | Purchase | 29735 | 2 | 346.03/ B2245l/ 2002 | BUBTL-200329735 | 03/04/2024 | 02/22/2024 | C-3 | 10/29/2023 | Books | ||||||
| Not For Loan | Non-fiction | Bangladesh University of Business and Technology Library | Bangladesh University of Business and Technology Library | Law Stacks | 10/19/2023 | Purchase | 29736 | 346.03/ B2245l/ 2002 | BUBTL-200329736 | 10/29/2023 | C-6 | 10/29/2023 | Books | |||||||
| Non-fiction | Bangladesh University of Business and Technology Library | Bangladesh University of Business and Technology Library | Law Stacks | 10/19/2023 | Purchase | 29737 | 4 | 346.03/ B2245l/ 2002 | BUBTL-200329737 | 07/07/2024 | 07/01/2024 | C-5 | 10/29/2023 | Books | ||||||
| Non-fiction | Bangladesh University of Business and Technology Library | Bangladesh University of Business and Technology Library | Law Stacks | 10/19/2023 | Purchase | 29738 | 1 | 346.03/ B2245l/ 2002 | BUBTL-200329738 | 11/28/2023 | 11/13/2023 | C-6 | 10/29/2023 | Books | ||||||
| Non-fiction | Bangladesh University of Business and Technology Library | Bangladesh University of Business and Technology Library | Law Stacks | 10/19/2023 | Purchase | 29739 | 6 | 346.03/ B2245l/ 2002 | BUBTL-200329739 | 07/08/2024 | 07/01/2024 | C-7 | 10/29/2023 | Books | ||||||
| Non-fiction | Bangladesh University of Business and Technology Library | Bangladesh University of Business and Technology Library | Law Stacks | 10/19/2023 | Purchase | 29740 | 3 | 346.03/ B2245l/ 2002 | BUBTL-200329740 | 03/04/2024 | 03/02/2024 | C-8 | 10/29/2023 | Books | ||||||
| Non-fiction | Bangladesh University of Business and Technology Library | Bangladesh University of Business and Technology Library | Law Stacks | 10/19/2023 | Purchase | 29741 | 1 | 346.03/ B2245l/ 2002 | BUBTL-200329741 | 05/02/2024 | 04/20/2024 | C-9 | 10/29/2023 | Books | ||||||
| Non-fiction | Bangladesh University of Business and Technology Library | Bangladesh University of Business and Technology Library | Law Stacks | 10/19/2023 | Purchase | 29742 | 3 | 346.03/ B2245l/ 2002 | BUBTL-200329742 | 06/03/2024 | 05/27/2024 | C-10 | 10/29/2023 | Books | ||||||
| Non-fiction | Bangladesh University of Business and Technology Library | Bangladesh University of Business and Technology Library | Law Stacks | 10/19/2023 | Purchase | 29743 | 1 | 346.03/ B2245l/ 2002 | BUBTL-200329743 | 06/03/2024 | 06/01/2024 | C-11 | 10/29/2023 | Books | ||||||
| Non-fiction | Bangladesh University of Business and Technology Library | Bangladesh University of Business and Technology Library | Law Stacks | 10/19/2023 | Purchase | 29744 | 3 | 346.03/ B2245l/ 2002 | BUBTL-200329744 | 07/11/2024 | 07/11/2024 | C-12 | 10/29/2023 | Books | 07/18/2024 | |||||
| Non-fiction | Bangladesh University of Business and Technology Library | Bangladesh University of Business and Technology Library | Law Stacks | 10/19/2023 | Purchase | 29745 | 3 | 346.03/ B2245l/ 2002 | BUBTL-200329745 | 08/20/2024 | 07/15/2024 | C-13 | 10/29/2023 | Books | ||||||
| Non-fiction | Bangladesh University of Business and Technology Library | Bangladesh University of Business and Technology Library | Law Stacks | 10/19/2023 | Purchase | 29746 | 5 | 346.03/ B2245l/ 2002 | BUBTL-200329746 | 07/08/2024 | 07/01/2024 | C-14 | 10/29/2023 | Books | ||||||
| Not For Loan | Non-fiction | Bangladesh University of Business and Technology Library | Bangladesh University of Business and Technology Library | Law Stacks | 10/19/2023 | Purchase | 29747 | 346.03/ B2245l/ 2002 | BUBTL-200329747 | 10/29/2023 | C-15 | 10/29/2023 | Books |
